INTRODUCTORY SOIL SCIENCE (Record no. 8057)

MARC details
000 -LEADER
fixed length control field 00453nam a22001817a 4500
005 - DATE AND TIME OF LATEST TRANSACTION
control field 20230109101311.0
008 - FIXED-LENGTH DATA ELEMENTS--GENERAL INFORMATION
fixed length control field 221216b |||||||| |||| 00| 0 eng d
020 ## - INTERNATIONAL STANDARD BOOK NUMBER
ISBN 978-93272-5754-0
041 ## - LANGUAGE CODE
Language code of text/sound track or separate title eng
082 ## - DEWEY DECIMAL CLASSIFICATION NUMBER
Classification number 631.4 DAS-I
100 ## - MAIN ENTRY--AUTHOR NAME
Personal name DAS, DILIP KUMAR
245 ## - TITLE STATEMENT
Title INTRODUCTORY SOIL SCIENCE
250 ## - EDITION STATEMENT
Edition statement 4th ed.
260 ## - PUBLICATION, DISTRIBUTION, ETC. (IMPRINT)
Place of publication LUDHIANA
Name of publisher KALYANI PUBLISHERS
Year of publication 2022
300 ## - PHYSICAL DESCRIPTION
Number of Pages 879;P.
650 ## - SUBJECT ADDED ENTRY--TOPICAL TERM
Topical Term AGRICULTURE
942 ## - ADDED ENTRY ELEMENTS (KOHA)
Koha item type Books
Holdings
Lost status Damaged status Collection code Home library Current library Shelving location Date acquired Source of acquisition Cost, normal purchase price Full call number Accession Number Koha item type
    Reference JRU Library JRU Library SHELF-2-A 18/10/2022 LOHIA BOOK INTERNATIONAL 525.00 631.4-DAS-I 26913 Books
    AGRICULTURE JRU Library JRU Library SHELF-15-A 18/10/2022 LOHIA BOOK INTERNATIONAL 525.00 631.4-DAS-I 26914 Books
    AGRICULTURE JRU Library JRU Library SHELF-15-A 18/10/2022 LOHIA BOOK INTERNATIONAL 525.00 631.4-DAS-I 26915 Books
    AGRICULTURE JRU Library JRU Library SHELF-15-A 18/10/2022 LOHIA BOOK INTERNATIONAL 525.00 631.4-DAS-I 26916 Books
    AGRICULTURE JRU Library JRU Library SHELF-15-A 18/10/2022 LOHIA BOOK INTERNATIONAL 525.00 631.4-DAS-I 26917 Books